00506nam a2200157 i 4500001000700000003000900007005001700016008004100033100006900074245006400143260003500207300002700242650003200269752002600301852002100327162968ES-MaACL20250928145826.0990913s1871 gw |||| | spa d1 aRascón Navarro, Juan Antonio, cConde de Rascón, d1821-190213aEl ejército de la Alemania del norte / cpor J.A. Rascon. aBerlin : bE. Schmitt, c1871. a295, [7] p. ; c24 cm. 4aFuerzas armadas-zAlemania. aAlemania - dBerlín aES-MaACLjG-6273